| 000 | 00787cab a2200265 4500 | ||
|---|---|---|---|
| 001 | ABS53289 | ||
| 008 | 090401t1995 xxu||||| |||| 00| 0 eng d | ||
| 035 | _a(Sirsi) u3288 | ||
| 041 | _aeng | ||
| 100 | _aBishop, P. | ||
| 245 | _aBuilding for prosperity | ||
| 260 | _c1995 | ||
| 350 | _a0 | ||
| 490 |
_aNew Builder _v(265) 7 July 1995, 16-25(8) |
||
| 520 | _aFeature on the rebuilding of Lebanon, highlighting the financial aspects and international expertise involved in this ambitious programme. | ||
| 650 | _aBEIRUT | ||
| 650 | _aCOUNCIL OF RECONSTRUCTION AND DEVELOPMENT | ||
| 650 | _aINFRASTRUCTURE MARKET | ||
| 650 | _aLEBANON | ||
| 650 | _aWAR DAMAGE | ||
| 690 | _aBUILT ENVIRONMENT | ||
| 690 | _aOVERSEAS-REST OF THE WORLD | ||
| 942 | _n0 | ||
| 948 | _c04/03/1997 | ||
| 999 |
_c2009 _d2009 |
||